Statistics for Machine Gun Kelly Discography

Click here to take the quiz!

General Stats

  • This quiz has been taken 61 times
    (29 since last reset)
  • The average score is 11 of 19

Answer Stats

YearNameType% Correct
2020Tickets to My DownfallAlbum
100%
2019Hotel DiabloAlbum
88%
2022Mainstream SelloutAlbum
85%
2018BingeEP
81%
2017BloomAlbum
81%
2012Lace UPAlbum
69%
2010Lace Up: The MixtapeMixtape
69%
2013Black FlagMixtape
62%
2015General AdmissionAlbum
62%
2022Lockdown SessionsEP
62%
2010100 Words and RunningMixtape
50%
2015F... ItMixtape
42%
2012EST 4 LifeMixtape
38%
2012Half Naked & Almost FamousEP
38%
2009HomecomingMixtape
35%
2011Rage PackMixtape
35%
2007Stamp of ApprovalMixtape
35%
2008CertifiedMixtape
19%
2006UnstoppableMixtape
4%

Score Distribution

Percentile by Number Answered

Percent of People with Each Score

Your Score History

You have not taken this quiz since the last reset